00424nam a2200133Ia 4500082001200000100001800012245008600030260002900116300002100145650004300166650004300209650002100252710001700273 aTP.0049 aPaliwal, T.R. 0aStudy of job satisfaction and incentives among sugarcane workers in Uttar Pradesh c1969bUniversity of Agra a427p. + C D - 47 aINCENTIVES IN INDUSTRY - UTTAR PRADESH aAGRICULTURAL LABOURERS - UTTAR PRADESH aJOB SATISFACTION aMittra, S.K.